Era fuego, Javier (Record no. 6327)
[ view plain ]
| 000 -CABECERA | |
|---|---|
| campo de control de longitud fija | 00554nam a2200193 a 4500 |
| 001 - NÚMERO DE CONTROL | |
| campo de control | BRCA_6643 |
| 005 - FECHA Y HORA DE LA ÚLTIMA TRANSACCIÓN | |
| campo de control | 20190320205535.0 |
| 008 - DATOS DE LONGITUD FIJA--INFORMACIÓN GENERAL | |
| campo de control de longitud fija | 111011s2005----mx-a######---#000-0#spa-# |
| 041 ## - CÓDIGO DE LENGUA | |
| Código de lengua del texto/banda sonora o título independiente | spa |
| 050 #4 - SIGNATURA TOPOGRÁFICA DE LA BIBLIOTECA DEL CONGRESO | |
| Número de documento/Ítem | E83 2005 |
| 100 1# - ENTRADA PRINCIPAL--NOMBRE DE PERSONA | |
| Nombre de persona | Escalada, Xavier |
| Títulos y otros términos asociados al nombre | S. J. |
| Fechas asociadas al nombre | 1918-2006 |
| 9 (RLIN) | 16636 |
| 245 10 - MENCIÓN DE TÍTULO | |
| Título | Era fuego, Javier |
| Mención de responsabilidad, etc. | Xavier Escalada S. J. |
| 260 ## - PUBLICACIÓN, DISTRIBUCIÓN, ETC. | |
| Lugar de publicación, distribución, etc. | México |
| Nombre del editor, distribuidor, etc. | Galas de México |
| Fecha de publicación, distribución, etc. | 2005 |
| 300 ## - DESCRIPCIÓN FÍSICA | |
| Extensión | 179 p. |
| Otras características físicas | il. a color |
| Dimensiones | 31 cm. |
| 500 ## - NOTA GENERAL | |
| Nota general | Donación Dra. Elsa Barberena |
| 650 14 - PUNTO DE ACCESO ADICIONAL DE MATERIA--TÉRMINO DE MATERIA | |
| Término de materia o nombre geográfico como elemento de entrada | San Francisco Javier |
| Subdivisión de forma | Biografía |
| 9 (RLIN) | 16637 |
| 902 ## - CATALOGADOR | |
| Iniciales | DEB |
| 942 ## - ELEMENTOS DE PUNTO DE ACCESO ADICIONAL (KOHA) | |
| Fuente del sistema de clasificación o colocación | Library of Congress Classification |
| Tipo de ítem Koha | Libros |
| Estado de retiro | Estado de pérdida | Estado dañado | No para préstamo | Localización permanente | Ubicación/localización actual | Fecha de adquisición | Total de préstamos | Signatura topográfica completa | Código de barras | Fecha visto por última vez | Precio válido a partir de | Tipo de ítem Koha |
|---|---|---|---|---|---|---|---|---|---|---|---|---|
| El ejemplar forma parte de la colección y puede ser consultado según las políticas vigentes. | Biblioteca del Museo Franz Mayer (Rogerio Casas-Alatriste) | Biblioteca del Museo Franz Mayer (Rogerio Casas-Alatriste) | 11/10/2011 | E83 2005 | DEB00080 | 22/03/2019 | 22/03/2019 | Libros |